[Event "RUS-chT Blitz Women 2018"]
[Site "Sochi"]
[Date "2018.10.10"]
[Round "11"]
[White "Drozdova, Dina"]
[Black "Mamontova, Anastasia"]
[Result "1-0"]
[WhiteElo "2183"]
[BlackElo "2009"]
[Annotator "TA"]
[PlyCount "159"]
[EventDate "2018.10.10"]
[EventType "swiss"]
[EventCountry "RUS"]
[SourceTitle "playchess.com"]
[Source "ChessBase"]
[SourceQuality "1"]

{[%evp 18,159,22,6,23,21,31,31,77,89,188,46,100,102,182,183,183,184,333,324,306,8,8,16,16,15,0,0,47,47,54,50,51,16,16,6,85,0,15,15,15,15,41,0,83,11,14,8,89,89,89,89,89,89,90,83,93,108,118,118,118,118,119,118,119,118,118,118,118,0,118,0,118,0,118,111,111,111,111,0,74,0,118,118,118,40,118,118,118,118,118,118,118,118,118,58,58,58,58,2,126,60,791,60,156,69,85,88,121,123,689,249,218,231,211,201,198,58,58,56,56,56,140,129,281,262,249,64,29998,29980,29979,29980,29996,29997,29997,29981,29980,29977,29977,785,29982,29983,29981,0]} 1. d4 Nf6 2. c4 e6 3. Nf3 b6 4. g3 Bb7 5. Bg2 Bb4+ 6. Bd2 Qe7 7. Nc3 O-O 8. O-O Bxc3 9. Bxc3 Ne4 10. Rc1 {LiveBook: 17 Games} Na6 $146 {E16: Queen's Indian: 4 g3 Bb7 5 Bg2 Bb4+} ({Predecessor:} 10... f5 11. Be1 d6 12. Nd2 Nd7 13. Nxe4 Bxe4 14. Bxe4 fxe4 15. Bd2 Qf6 16. Be3 Qf5 17. Kg2 a5 18. Rc3 {½-½ (45) Nikolic,P (2606)-Hoffmann,P (2358) Germany 2016}) 11. Be1 Rab8 12. Qa4 d5 {White is slightly better.} 13. b4 {[%cal Bb2b4,Bb4b5][%mdl 32]} c6 (13... c5 $16) 14. Ne5 (14. b5 $18 cxb5 15. cxb5) 14... Rbc8 (14... Nd6 $14) 15. cxd5 $16 cxd5 (15... b5 $16 16. d6 Nxd6) 16. Rxc8 $18 Rxc8 17. b5 Nc7 (17... Qe8 $142) 18. Bb4 ({Not} 18. Qxa7 Nxb5 19. Qxb6 Nbc3 $14) 18... Qe8 19. Nc6 $2 ({White must play} 19. Qxa7 $18 Nxb5 20. Qxb7) 19... Bxc6 $11 20. bxc6 a5 21. Bxe4 $1 dxe4 22. Bd6 b5 23. Qxa5 Qxc6 24. Bxc7 Rxc7 $14 {[%mdl 4096] Endgame KQR-KQR} 25. e3 h6 26. h4 Qc4 (26... Rd7 $11) 27. Rb1 (27. Qa8+ $1 $16 Rc8 28. Qxe4) 27... Rc8 28. Qxb5 Qxa2 29. Qb7 Qc2 30. Rf1 Rc3 (30... Qc6 $11 {remains equal.} 31. Rb1 Qxb7 32. Rxb7 h5) 31. Qb8+ (31. Ra1 $16 {aiming for Ra8+.} Rc7 32. Qb8+ (32. Ra8+ Kh7 $11) 32... Kh7 33. Kg2) 31... Kh7 32. Qf4 Kg8 (32... f5 $11) 33. Ra1 $16 Rc8 34. Ra7 Rf8 35. Kg2 Qb1 36. Rc7 Qd3 37. g4 Qb1 38. h5 Qb3 39. Qxe4 Qb6 40. Rb7 Qd6 41. Qf3 Qd8 42. Qc6 Qg5 43. Qf3 Qd8 $1 44. Qe4 (44. Ra7 $16) 44... Qg5 (44... Qd6 $1 $11) 45. Qf3 Qd8 $1 46. Kg3 Qd6+ 47. Qf4 Qd5 48. Qf3 {And now Qxd5 would win.} Qd6+ $1 49. Kg2 Qd8 $1 50. Ra7 Qg5 51. Qf4 (51. Qe4 $16) 51... Qb5 (51... Qxf4 $14 52. exf4 Rd8) 52. Rc7 Qd5+ 53. Qf3 {Qxd5 is the strong threat.} Qg5 54. Rc5 $36 {[%mdl 2048] White is in control.} Qe7 55. Qg3 Ra8 56. g5 (56. Kh3 $16) 56... hxg5 $14 57. Qxg5 Qb7+ 58. Kg3 (58. Kh2 $14) 58... Kf8 (58... Qh1 $11) 59. Qf4 (59. h6 $16 gxh6 60. Qxh6+ Ke7 61. Qh4+ Kd7 62. Qh7) 59... Re8 $2 {[%mdl 8192]} (59... Qh1 $14) 60. Qf3 $2 (60. Rc7 $18 Qxc7 61. Qxc7) 60... Qd7 ({Better is} 60... Qxf3+ $14 61. Kxf3 Ra8) 61. Qe4 ({White should try} 61. h6 $1 $16 {[%cal Rh6h7] Strongly threatening h7.} gxh6 62. Qf6) 61... Qd6+ 62. Kg2 Qe7 63. Qh7 {[%cal Rh7h8]} Qd6 $2 {[%mdl 8192]} (63... Qf6 $16 64. Kg3 Qh6) 64. h6 $2 (64. Rg5) 64... gxh6 $18 65. Qxh6+ Ke7 {[#]} 66. Qg5+ $1 Kd7 67. Qe5 (67. Ra5 $18) 67... Rg8+ $14 68. Kf1 Qa6+ 69. Ke1 Qa1+ (69... Rg1+ $14 70. Kd2 Qb7) 70. Ke2 $16 Qa2+ $2 {[#]} (70... Rc8 $16 71. Qf6 Qb2+ 72. Kf3 Qb7+ 73. d5 Rxc5 74. Qxf7+ Kc8 75. Qf8+ Kd7 76. Qxc5 exd5) 71. Kf3 $1 $18 {Intending Rc7+ and mate.} Qa8+ 72. Qe4 $2 (72. d5 $18 Rc8 73. Rb5) 72... Qa1 $2 {[%mdl 8192]} (72... Kd6 $14) 73. Qc6+ Ke7 74. Qc7+ Kf6 75. Qf4+ Kg7 76. Qg5+ Kh7 77. Qh5+ Kg7 78. Rg5+ (78. Qe5+ $142 Kh7 79. Qh2+ Kg7 80. Rg5+ Kf6 81. Rxg8 Qd1+ 82. Kg2 Ke7 83. Qc7+ Kf6 84. Qc5) 78... Kf8 79. Qh6+ Ke7 80. Ke4 $2 {[%mdl 32768] Precision: White = 39%, Black = 28%. . Sensor Board Error (Ke4/e5)?} (80. Rxg8 {mates} Qa5 81. Qf8+ Kd7 82. Qxf7+ Kd6 83. Qf8+ Kc6 84. Qe8+ Kb7 85. Qc8+ Kb6 86. Qxe6+ Kb7 87. Qe4+ Kc7 88. Rg7+ Kd6 89. Qe7+ Kd5 90. Qf7+ Kc6 91. Qd7+ Kb6 92. Rg6#) 1-0

[Event "RUS-chT Blitz Women 2018"]
[Site "Sochi"]
[Date "2018.10.10"]
[Round "11"]
[White "Suslova, Alena"]
[Black "Bivol, Alina"]
[Result "0-1"]
[WhiteElo "2157"]
[BlackElo "2403"]
[Annotator "TA"]
[PlyCount "73"]
[EventDate "2018.10.10"]
[EventType "swiss"]
[EventCountry "RUS"]
[SourceTitle "playchess.com"]
[Source "ChessBase"]
[SourceQuality "1"]

{[%evp 19,73,20,29,9,45,34,43,12,13,14,11,11,16,13,9,9,14,8,58,52,81,-9,0,6,8,12,128,26,46,31,30,24,45,0,0,-135,0,-51,-21,-19,0,0,31,31,31,6,10,22,45,0,42,42,71,29,43,0]} 1. c4 Nf6 2. Nc3 g6 3. g3 Bg7 4. Bg2 O-O 5. e4 d6 6. Nge2 Nc6 7. O-O e5 8. d3 a6 9. h3 Rb8 10. Be3 {A26: English Opening vs King's Indian with ...Nc6 and d3} b5 {LiveBook: 7 Games} 11. b3 (11. Qd2 Bd7 12. Nd5 Ne7 13. Nxf6+ Bxf6 14. c5 Be6 15. cxd6 Qxd6 16. Qc2 Qd7 17. Kh2 {1-0 (25) Flores,D (2590)-Villanueva,M (2429) Villa Martelli 2016}) 11... Bd7 $146 ({Predecessor:} 11... b4 12. Nd5 Ne7 13. d4 c6 14. Nxf6+ Bxf6 15. f4 exd4 16. Bxd4 Bxd4+ 17. Qxd4 c5 {1-0 (42) Fraczek,D (2422)-Budzyn,M (2167) Dresden 2013}) 12. Rc1 Ne8 13. cxb5 axb5 14. d4 exd4 15. Nxd4 Nxd4 16. Bxd4 Bxd4 17. Qxd4 c5 18. Qd2 Bc6 19. Rfd1 Qe7 20. f4 (20. a4 $16) 20... Ra8 21. e5 Bxg2 22. Qxg2 Rb8 (22... Ra6 $11) 23. Re1 ({White should try} 23. exd6 $16 Qe3+ 24. Kh2 (24. Qf2 Qxf2+ 25. Kxf2 Nf6 $18)) 23... dxe5 24. Rxe5 Qa7 25. Qf2 Nf6 26. Qxc5 Qd7 27. Kg2 {[#]} (27. g4 $11) 27... Rfc8 (27... Qb7+ $1 $17 28. Nd5 Nd7) 28. Qf2 (28. Qe3 $11) 28... b4 $1 $15 29. Rd1 $1 {[%cal Rd1d7]} Qb7+ 30. Nd5 Nxd5 31. Rexd5 Rc3 32. Kg1 Qc7 33. Rd7 Qa5 34. R1d2 Rbc8 35. Kh2 Rc1 36. Qd4 {Black must now prevent Qf6.} R1c2 37. Kg1 {[%mdl 32768] Precision: White = 32%, Black = 38%. . Sensor Board Error (Ke4/e5)?} 0-1

[Event "RUS-chT Blitz Women 2018"]
[Site "Sochi"]
[Date "2018.10.10"]
[Round "11"]
[White "Mukhina, Jana"]
[Black "Maltsevskaya, Aleksandra"]
[Result "1-0"]
[WhiteElo "2072"]
[BlackElo "2290"]
[Annotator "TA"]
[PlyCount "141"]
[EventDate "2018.10.10"]
[EventType "swiss"]
[EventCountry "RUS"]
[SourceTitle "playchess.com"]
[Source "ChessBase"]
[SourceQuality "1"]

{[%evp 16,141,10,15,6,0,4,-18,-11,-38,-46,-58,-56,-95,-75,-141,-142,-143,-119,-113,-124,-145,-155,-150,-148,-200,-200,-195,-156,-152,-137,-179,-157,-186,0,-177,-167,-153,-144,-179,195,127,318,331,320,287,326,312,313,312,406,398,389,379,374,334,324,313,362,354,356,348,325,230,264,227,224,0,0,0,60,-462,4,11,37,0,0,0,0,0,0,0,0,0,0,0,12841,12842,12842,12843,12844,12844,12845,12846,12847,12847,12847,12847,12847,12847,12848,12847,12847,12847,12849,0,12847,12847,12850,12850,12851,29985,12851,29984,12851,29985,12851,29986,12851,29987,12851,29988,12851,29989,12851,29992,12851,29989]} 1. e4 c5 2. c3 d5 3. exd5 Qxd5 4. d4 Nf6 5. Nf3 Bg4 6. Be2 e6 7. h3 Bh5 8. O-O Be7 9. Be3 cxd4 {B22: Sicilian: 2 c3} 10. Nxd4 Bxe2 11. Nxe2 $146 (11. Qxe2 {looks sharper.} Nc6 12. Rd1 O-O 13. c4 Nxd4 14. Bxd4 Qe4 15. Nc3) ({Predecessor:} 11. Qxe2 Nc6 12. Nd2 O-O 13. N2f3 {½-½ (13) Koziak,V (2479)-Banikas,H (2568) Rome 2016}) 11... O-O {The position is equal.} 12. Qxd5 (12. Qc2 {seems wilder.} Qc4 13. b3 Qc7 14. Bf4 e5 15. Bh2) 12... Nxd5 {[%cal Bf6d5,Bd5b4,Bb4d3][%mdl 32]} 13. Bd4 Nc6 14. c4 Ndb4 {And now ...Nc2 would win.} 15. Na3 (15. Nbc3 $142) 15... Nxd4 $17 16. Nxd4 Nd3 17. Rab1 Rfd8 18. Ndb5 a6 19. Nc3 Rac8 $36 {[%mdl 2048] Black is really pushing.} 20. Nc2 (20. Rfd1 $17) 20... Rxc4 $19 21. Ne3 Rcc8 22. Rfd1 Nc5 23. Rdc1 Bf6 24. Ng4 Be7 $2 (24... Bg5 $19 25. Rd1 b5 26. Rxd8+ Rxd8) 25. Rc2 $2 (25. Ne3 $1 $11 {and White has nothing to worry.}) 25... h5 26. Ne3 Bf6 27. Rbc1 {aiming for Na4!} Bg5 $4 {[%mdl 8192] [#]} (27... Nd3 $19 {avoids the disaster.} 28. Rd1 Kf8) 28. Ne4 $1 {[%mdl 512]} Bxe3 $2 (28... Nxe4 $16 {might work better.} 29. Rxc8 Kf8) 29. fxe3 $18 b6 30. b4 ({Stronger than} 30. Nxc5 bxc5 31. Rxc5 Rd1+ 32. Rxd1 Rxc5 $11) 30... Rd3 31. bxc5 bxc5 32. Rxc5 Rb8 33. Rc8+ Rxc8 34. Rxc8+ {[%mdl 4096] Endgame KRN-KR} Kh7 35. Kf2 Ra3 36. Rc2 f6 37. Nc5 e5 38. Ke2 Kg6 39. e4 h4 40. Nd3 Kg5 41. Nb2 $2 (41. Rb2 $18) 41... Rxa2 $11 42. Kd3 Ra3+ (42... a5 $11) 43. Rc3 $2 {[%mdl 8192] [#]} (43. Kc4 $14 {stays ahead.}) 43... Ra2 $2 (43... Rxc3+ $1 $19 44. Kxc3 Kf4) 44. Kc2 {Black should prevent Kb1.} Ra1 45. Rc7 g6 46. Nc4 Ra2+ 47. Nb2 Ra3 48. Nd3 Ra4 49. Kd2 Rxe4 50. Nc5 Rc4 $2 {[%mdl 8192]} (50... Rb4 $11) 51. Ne6+ $18 Kf5 52. Rxc4 Kxe6 53. Rxh4 {KR-KP} g5 54. Ra4 e4 55. Rxa6+ {KR-K3P} Ke5 56. Ra5+ Kf4 57. Ra3 f5 58. Ke2 Ke5 59. Rg3 Kf4 60. Ra3 Ke5 61. g3 f4 62. gxf4+ gxf4 {KR-KPP} 63. Ra4 Kf5 64. Ra5+ Kg6 65. Kf2 Kf6 66. h4 {[%cal Bh3h4,Bh4h5][%mdl 32]} Kg6 67. h5+ Kh6 68. Kg2 Kg7 69. Re5 e3 70. Kf3 Kf6 71. Ke4 {Precision: White = 42%, Black = 33%.} 1-0

[Event "RUS-chT Blitz Women 2018"]
[Site "Sochi"]
[Date "2018.10.10"]
[Round "11"]
[White "Faizutdinova, Diana"]
[Black "Girshgorn, Maria"]
[Result "0-1"]
[WhiteElo "2061"]
[BlackElo "1949"]
[Annotator "NA RC"]
[PlyCount "116"]
[EventDate "2018.10.10"]
[EventType "swiss"]
[EventCountry "RUS"]
[SourceTitle "playchess.com"]
[Source "ChessBase"]
[SourceQuality "1"]
[TimeControl "180+2"]

1. c4 {[%emt 0:00:00]} Nf6 {[%emt 0:00:00]} 2. Nc3 {[%emt 0:00:01]} g6 {[%emt 0:00:00]} 3. g3 {[%emt 0:00:02]} Bg7 {[%emt 0:00:01]} 4. Bg2 {[%emt 0:00:01]} O-O {[%emt 0:00:02]} 5. d3 {[%emt 0:00:01]} d6 {[%emt 0:00:01]} 6. e3 {[%emt 0:00:04]} Nbd7 {[%emt 0:00:01]} 7. Nge2 {[%emt 0:00:02]} e5 {[%emt 0:00:02]} 8. O-O {[%emt 0:00:03]} a5 {[%emt 0:00:10]} 9. b3 {[%emt 0:00:04]} c6 {[%emt 0:00:13]} 10. d4 {[%emt 0:00:15]} Qe7 {[%emt 0:00:09]} 11. e4 {[%emt 0:00:30]} exd4 {[%emt 0:00:17]} 12. Nxd4 {[%emt 0:00:02]} Nc5 {[%emt 0:00:12]} 13. Re1 {[%emt 0:00:05]} Bg4 {[%emt 0:00:04]} 14. f3 {[%emt 0:00:04]} Bd7 {[%emt 0:00:04]} 15. Bb2 {[%emt 0:00:03]} Rfe8 {[%emt 0:00:31]} 16. Qd2 {[%emt 0:00:04]} Rad8 {[%emt 0:00:07]} 17. Rad1 {[%emt 0:00:05]} Be6 {[%emt 0:00:16]} 18. Nxe6 {[%emt 0:00:10]} Nxe6 {[%emt 0:00:08]} 19. Ne2 {[%emt 0:00:04]} Qc7 {[%emt 0:00:22]} 20. Bc3 {[%emt 0:00:03]} a4 {[%emt 0:00:11]} 21. b4 {[%emt 0:00:08]} b5 {[%emt 0:00:05]} 22. Qb2 {[%emt 0:00:07]} Nd7 {[%emt 0:00:06]} 23. Bxg7 {[%emt 0:00:07]} Nxg7 {[%emt 0:00:02]} 24. cxb5 {[%emt 0:00:07]} cxb5 {[%emt 0:00:03]} 25. Nf4 {[%emt 0:00:04]} Nb6 {[%emt 0:00:18]} 26. h4 {[%emt 0:00:15]} Ne6 {[%emt 0:00:06]} 27. Nd5 {[%emt 0:00:13]} Nxd5 {[%emt 0:00:04]} 28. Rxd5 {[%emt 0:00:02]} Qa7+ {[%emt 0:00:07]} 29. Kh2 {[%emt 0:00:01]} Nc7 {[%emt 0:00:04]} 30. Rdd1 {[%emt 0:00:06]} Qb6 {[%emt 0:00:04]} 31. Qd4 {[%emt 0:00:02]} Qxd4 {[%emt 0:00:06]} 32. Rxd4 {[%emt 0:00:02]} d5 {[%emt 0:00:01]} 33. Red1 {[%emt 0:00:01]} Rd6 {[%emt 0:00:04]} 34. exd5 {[%emt 0:00:03]} Red8 {[%emt 0:00:02]} 35. f4 {[%emt 0:00:01]} Kg7 {[%emt 0:00:02]} 36. a3 {[%emt 0:00:01]} f5 {[%emt 0:00:02]} 37. R4d2 {[%emt 0:00:03]} Kf6 {[%emt 0:00:02]} 38. Re1 {[%emt 0:00:06]} Nxd5 {[%emt 0:00:03]} 39. Red1 {[%emt 0:00:15]} Ke6 {[%emt 0:00:02]} 40. Re1+ {[%emt 0:00:05]} Kf6 {[%emt 0:00:00]} 41. Rc2 {[%emt 0:00:16]} Nb6 {[%emt 0:00:04]} 42. Rc5 {[%emt 0:00:02]} Nc4 {[%emt 0:00:03]} 43. Rxb5 {[%emt 0:00:03]} Nxa3 {[%emt 0:00:01]} 44. Ra5 {[%emt 0:00:02]} Rd2 {[%emt 0:00:02]} 45. Rxa4 {[%emt 0:00:02]} Ra2 {[%emt 0:00:02]} 46. Ra6+ {[%emt 0:00:02]} Kf7 {[%emt 0:00:01]} 47. Rc1 {[%emt 0:00:13]} Ke8 {[%emt 0:00:04]} 48. Rc7 {[%emt 0:00:03]} Ra1 {[%emt 0:00:02]} 49. Bc6+ {[%emt 0:00:01]} Kf8 {[%emt 0:00:01]} 50. Bd5 {[%emt 0:00:08]} Nc2 {[%emt 0:00:01]} 51. Rf6+ {[%emt 0:00:03]} Ke8 {[%emt 0:00:02]} 52. Bf7+ {[%emt 0:00:06]} Kf8 {[%emt 0:00:00]} 53. Bb3+ {[%emt 0:00:05]} Ke8 {[%emt 0:00:01]} 54. Bf7+ {[%emt 0:00:04]} Kf8 {[%emt 0:00:01]} 55. Bxg6+ {[%emt 0:00:03]} Kg8 {[%emt 0:00:01]} 56. Bf7+ {[%emt 0:00:01]} Kh8 {[%emt 0:00:01]} 57. Be6 {[%emt 0:00:03]} Rd2+ {[%emt 0:00:02]} 58. Kh3 {[%emt 0:00:03]} Rh1# {[%emt 0:00:01]} 0-1

[Event "RUS-chT Blitz Women 2018"]
[Site "Sochi"]
[Date "2018.10.10"]
[Round "11"]
[White "Kirchei, Viktoriia"]
[Black "Solozhenkina, Elizaveta"]
[Result "1/2-1/2"]
[WhiteElo "2002"]
[BlackElo "2276"]
[Annotator "TA"]
[PlyCount "100"]
[EventDate "2018.10.10"]
[EventType "swiss"]
[EventCountry "RUS"]
[SourceTitle "playchess.com"]
[Source "ChessBase"]
[SourceQuality "1"]

{[%evp 9,100,-41,-21,-33,-33,-25,-26,-47,-38,-58,-79,-69,177,-114,-118,-120,-108,-105,-77,-100,-33,-18,-9,-63,-73,-78,-68,-67,8,-193,72,0,7,3,47,47,53,60,52,-864,-838,-677,14,6,10,10,199,189,290,248,231,232,696,702,696,698,1131,1065,1101,1016,946,872,864,797,802,802,847,802,1013,766,842,783,732,696,666,647,629,629,619,586,600,577,680,0,0,0,0,0,0,0,0,0,0]} 1. d3 d5 2. g3 e5 3. Bg2 Nf6 4. Nd2 Be7 5. e3 O-O 6. Ne2 {A00: Irregular Openings} Nc6 7. O-O a5 $146 ({Predecessor:} 7... Bg4 8. h3 Bf5 9. b3 Qd7 10. Kh2 Rad8 11. Bb2 Rfe8 {½-½ (43) Thiering,E (2314)-Miethke,E (2121) GER corr 1997}) 8. h3 {Black has an edge.} a4 9. f4 Bc5 10. Nf3 Re8 $2 (10... Bd6 $15 {stays ahead.}) 11. d4 $2 (11. fxe5 $1 $18 Nd7 12. d4) 11... exd4 $17 12. exd4 Bb6 $1 13. g4 Ne4 14. c3 {[#]} f6 (14... h5 $1 $17 {[%mdl 512]} 15. gxh5 a3 16. bxa3 Bd7) 15. f5 $15 Na5 16. Qxa4 ({Better is} 16. Re1 $11) 16... Bd7 17. Qc2 Bb5 18. Re1 {[#]} c5 (18... Nb3 $1 $15 {[%mdl 512]} 19. Qxb3 (19. axb3 Rxa1) 19... Ba4) 19. dxc5 $2 (19. Be3 $11) 19... Bxe2 $2 ({Not} 19... Bxc5+ 20. Ned4 $11) (19... Nxc5 $19 20. Ned4 {[#]} Nab3 $1 {[%mdl 512]}) 20. Rxe2 (20. cxb6 $16 Bxf3 21. Bxf3) 20... Bxc5+ $11 21. Nd4 Rc8 22. Be3 Ng3 23. Ne6 Nxe2+ 24. Kh1 $2 {[%mdl 8192]} (24. Qxe2 $14 Bxe3+ 25. Qxe3) 24... Ng3+ $19 25. Kh2 Qd6 $2 ({Black should play} 25... Rxe6 $1 $19 26. fxe6 Bxe3 27. Kxg3 Qd6+ 28. Kf3 Ba7) 26. Bf4 $36 {[%mdl 2048] White is more active.} Qb6 {Hoping for ...Ne4!} 27. Bxg3 Rxe6 $2 (27... Nc4 $11) 28. Bxd5 $18 ({Don't do} 28. fxe6 $6 Bd6 $16) 28... Kh8 (28... Rd8 $142 29. Bxe6+ Kh8) 29. Bxe6 Rd8 30. b4 Be3 $2 (30... Bd6 31. Rd1 (31. bxa5 Bxg3+ 32. Kxg3 Qe3+ 33. Kg2 Rd2+ 34. Qxd2 Qxd2+ 35. Kg1 Qxc3 $19) 31... Bxg3+ 32. Kxg3 Nc6) 31. bxa5 Qxa5 32. Rd1 Rxd1 33. Qxd1 h6 34. Qd3 Bc5 35. Bd5 Qd8 36. Be4 Qe7 37. Bg2 b6 38. Qe4 Qd7 39. Qe6 Qd8 40. Qd5 Qe7 41. Qa8+ Kh7 42. Qb7 Qe2 43. Qe4 Qxa2 44. Qe6 Qc2 45. c4 Qa2 46. Bf4 $2 ({White should try} 46. h4 $18 {Black must now prevent Kh3.} Qd2 47. Kh3) 46... Qf2 $11 {The position is equal.} 47. Qe4 Qg1+ 48. Kg3 Qf2+ 49. Kh2 Qg1+ 50. Kg3 Qf2+ {Precision: White = 34%, Black = 32%.} 1/2-1/2

[Event "RUS-chT Blitz Women 2018"]
[Site "Sochi"]
[Date "2018.10.10"]
[Round "11"]
[White "Vyrtosu, Natalia"]
[Black "Potapova, Margarita"]
[Result "1-0"]
[WhiteElo "1894"]
[BlackElo "2284"]
[Annotator "TA"]
[PlyCount "59"]
[EventDate "2018.10.10"]
[EventType "swiss"]
[EventCountry "RUS"]
[SourceTitle "playchess.com"]
[Source "ChessBase"]
[SourceQuality "1"]

{[%evp 16,59,-54,-47,-47,-55,-51,-50,-45,-91,-20,-12,0,0,0,-7,27,37,29,28,96,112,98,57,352,362,506,487,554,558,564,551,562,544,603,583,616,582,865,584,629,614,2612,2373,29992,29993]} 1. d4 Nf6 2. Nf3 g6 3. g3 Bg7 4. Bg2 O-O 5. b3 c5 6. Bb2 cxd4 7. Bxd4 Nc6 8. Bb2 d5 9. O-O Bf5 {A05: Réti Opening: 1 Nf3 Nf6} (9... Qc7 10. e3 e5 11. c4 dxc4 12. bxc4 Rd8 13. Qe2 Bf5 14. Rc1 Bd3 15. Qe1 Qb6 16. Ba3 e4 17. Nfd2 Bxb1 18. Raxb1 {0-1 (46) Pohjala,H (2399)-Kulaots,K (2556) Tallinn 2015}) 10. Nh4 Be6 11. Nd2 Rc8 {Black is slightly better.} 12. Rc1 $146 ({Predecessor:} 12. e4 Nxe4 13. Bxg7 Nxf2 14. Rxf2 Kxg7 15. Ndf3 f6 16. Nd4 Bf7 17. Bh3 {0-1 (39) Delling,T-Matthey,H (2340) Germany 1994}) 12... d4 (12... Qa5 $17 13. c4 dxc4) 13. c3 $11 Nd5 {[%cal Rd4c3]} 14. cxd4 Nxd4 {And now ...Rxc1 would win.} ({Reject} 14... Bxd4 $6 {[#]} 15. Rxc6 $1 {[%mdl 512]} Bxb2 16. Rxc8 $16) 15. Nc4 Nc6 16. Bxg7 Kxg7 17. Qc2 {Hoping for Rfd1.} f6 (17... Kg8 $11) 18. Rfd1 {Threatens to win with Qb2.} Ncb4 19. Qb2 {aiming for a3.} g5 $2 {[%mdl 8192]} ({Black should try} 19... b5 $1 $14) 20. a3 $18 {[%cal Ba2a3,Ba3b4][%mdl 32]} gxh4 21. axb4 b5 22. Ne3 {[%cal Bc4e3,Be3d5,Bd5f6,Bf6e8][%mdl 32]} Rxc1 23. Qxc1 hxg3 24. hxg3 {[%cal Bh2g3,Bg3f4][%mdl 32]} Nf4 25. gxf4 Qb6 26. Nd5 Qd6 27. Qe3 Re8 28. Rd4 Kh8 {[#]} 29. Nxf6 $1 Qb6 (29... exf6 30. Rxd6) 30. Nxe8 {Precision: White = 67%, Black = 16%.} 1-0

[Event "RUS-chT Blitz Women 2018"]
[Site "Sochi"]
[Date "2018.10.10"]
[Round "11"]
[White "Shestakova, Ekaterina"]
[Black "Guseva, Marina"]
[Result "0-1"]
[WhiteElo "1886"]
[BlackElo "2292"]
[Annotator "TA"]
[PlyCount "98"]
[EventDate "2018.10.10"]
[EventType "swiss"]
[EventCountry "RUS"]
[SourceTitle "playchess.com"]
[Source "ChessBase"]
[SourceQuality "1"]

{[%evp 24,98,0,0,0,-10,0,0,0,-27,0,-20,-25,-47,-48,-47,-33,-32,-37,-38,-32,-54,-48,-53,-44,-108,-112,-156,-162,-177,-177,-153,-83,-81,0,-159,-150,-163,-145,-185,-194,-239,-254,-243,-259,-268,-251,-281,-202,-202,-199,-197,-193,-486,-481,-522,-512,-768,-767,-699,-604,-1177,-1149,-815,-704,-29970,-29971,-29972,-29974,-29972,-29970,-29974,-29965,-29977,-29978,-29970,-5106]} 1. e4 c5 2. c3 d5 3. exd5 Qxd5 4. d4 Nf6 5. Nf3 Bg4 6. Be2 e6 7. h3 Bh5 8. O-O Be7 9. Be3 cxd4 {B22: Sicilian: 2 c3} 10. Nxd4 Bxe2 11. Qxe2 O-O 12. Nd2 Nc6 13. N2f3 {LiveBook: 8 Games} Nxd4 14. Nxd4 Rfc8 $146 ({Predecessor:} 14... e5 15. Nb5 Qe4 16. c4 a6 17. Nc3 Qf5 {1-0 (46) Delavari,A (2150)-Atakhan,A (1940) Hamedan 2017}) 15. Rfd1 a6 16. Qf3 (16. Nf3 {is more complex.} Qf5 17. Bd4 Rd8 18. Bb6 Rxd1+ 19. Rxd1 Nd5 20. Bd4) 16... b5 17. Qxd5 Nxd5 18. Bd2 Rab8 19. Rac1 Bf6 20. Nf3 h6 21. g3 Rc6 22. Be1 Rbc8 23. Nd4 Rc4 {[#] aiming for ...Bxd4.} 24. Rb1 ({White should play} 24. Nc2 $15) 24... Bxd4 $17 25. Rxd4 Rxd4 26. cxd4 {[%mdl 4096] Endgame [#] KRB-KRN} Rc2 $1 27. Kg2 Rc4 (27... g5 $142 28. a3 h5) 28. Rd1 Rc2 (28... b4 $142) 29. Rb1 f5 30. Kf3 Kf7 31. a3 g5 32. b4 Ra2 33. Rb3 Nb6 34. Rc3 Nc4 35. g4 Rxa3 36. Rxa3 Nxa3 $19 {KB-KN} 37. Bc3 Nc4 38. gxf5 $2 (38. Kg3 {is a better defense.}) 38... exf5 39. Kg3 Ke6 40. f4 Nd6 41. Kf3 Ne4 42. Be1 Kd5 43. fxg5 hxg5 44. h4 gxh4 {Black mates.} 45. Bxh4 Kxd4 46. Kf4 Kc4 47. Be7 Nc3 48. Kxf5 Nd5 49. Bf8 Nxb4 {Precision: White = 13%, Black = 71%.} (49... Kc3 $142 50. Kg4 Nxb4 51. Bg7+ Kb3 52. Bh8 a5 53. Kf4 a4 54. Ke3 a3 55. Ke2 Kc2 56. Kf3 Na2 57. Ba1 b4 58. Ke3 b3 59. Ke4 b2 60. Bxb2 axb2 61. Kf5 b1=Q 62. Ke5 Qb5+ 63. Ke6 Qe8+ 64. Kf5 Kd3 65. Kf4 Qg6 66. Ke5 Nc3 67. Kf4 Ne4 68. Ke5 Qf6+ 69. Kd5 Qd6#) 0-1

[Event "RUS-chT Blitz Women 2018"]
[Site "Sochi"]
[Date "2018.10.10"]
[Round "13"]
[White "Girya, Olga"]
[Black "Bondareva, Daria"]
[Result "1-0"]
[WhiteElo "2479"]
[BlackElo "1979"]
[Annotator "TA"]
[PlyCount "47"]
[EventDate "2018.10.10"]
[EventType "swiss"]
[EventCountry "RUS"]
[SourceTitle "playchess.com"]
[Source "ChessBase"]
[SourceQuality "1"]

{[%evp 17,46,27,45,42,70,40,82,45,75,72,115,98,100,104,233,140,139,118,117,120,133,130,222,209,231,229,220,215,221,230,29999]} 1. d4 Nf6 2. Nf3 e6 3. c4 b6 4. g3 Bb7 5. Bg2 Bb4+ 6. Bd2 a5 7. O-O Bxd2 8. Qxd2 O-O {E16: Queen's Indian: 4 g3 Bb7 5 Bg2 Bb4+} (8... Na6 9. Nc3 O-O 10. Qf4 d6 11. Rad1 Nd7 12. Rfe1 Qe7 13. e4 Rfd8 14. b3 h6 15. h4 Nb4 16. Qd2 {½-½ (31) Vitiugov,N (2721)-Jobava,B (2661) Gjakova 2016}) 9. Nc3 d6 {LiveBook: 15 Games} 10. Qc2 Nbd7 {White is slightly better.} 11. Rad1 Qe7 12. Rfe1 $146 ({Predecessor:} 12. e4 e5 13. Nd5 Qd8 14. Rfe1 Re8 15. dxe5 Nxd5 16. exd5 Nxe5 17. Nxe5 dxe5 {1-0 (45) De Blois Figueredo,A (2341)-Borwell,A (2201) ICCF email 2010}) 12... Rad8 13. e4 e5 14. Nd5 Nxd5 15. cxd5 exd4 (15... Nb8 $16) 16. Nxd4 Nc5 17. f4 Qd7 18. b3 Rfe8 19. a3 {[%cal Ba2a3,Ba3b4][%mdl 32]} Rc8 (19... a4 $16 {was called for.}) 20. b4 $18 axb4 21. axb4 Na6 22. Qb2 Nb8 23. Nf5 {[%csl Gf5][%cal Rb2g7] [#]} Ba6 $2 (23... f6 $18 24. Bh3 Kh8) 24. Qxg7# {Precision: White = 76%, Black = 20%.} 1-0